| 000 | 00652nam a22002057a 4500 | ||
|---|---|---|---|
| 999 |
_c17053 _d17053 |
||
| 003 | AR-CdUCM | ||
| 008 | 190507b ||||| |||| 00| 0 spa d | ||
| 040 |
_aMUNICIPALIDAD PROVINCIAL DEL CUSCO _cBIBLIOTECA MUNICIPAL DEL CUSCO |
||
| 082 |
_a920 / _bC26 |
||
| 245 | _a20.000 biografías breves / | ||
| 260 |
_aNew York : _bImpr. Nuevo Mundo, _c1963. |
||
| 300 |
_a895 paginas ; _c20 cm. |
||
| 505 | _aContenido :Diccionario biográfico universal / | ||
| 650 |
_aDiccionario universal _918469 |
||
| 650 |
_aBiografía _922 |
||
| 700 |
_aEduardo Cardenas _936871 |
||
| 710 |
_aAmerica, Inc _936872 |
||
| 942 |
_2ddc _cLIBROS |
||
| 945 |
_arjall _d2019-05-07 |
||